<?xml version="1.0" encoding="UTF-8"?>
<record
    xmlns:xsi="http://www.w3.org/2001/XMLSchema-instance"
    xsi:schemaLocation="http://www.loc.gov/MARC21/slim http://www.loc.gov/standards/marcxml/schema/MARC21slim.xsd"
    xmlns="http://www.loc.gov/MARC21/slim">

  <leader>00449nam a2200145Ia 4500</leader>
  <controlfield tag="008">220530s9999    xx            000 0 und d</controlfield>
  <datafield tag="020" ind1=" " ind2=" ">
    <subfield code="a">23194197</subfield>
  </datafield>
  <datafield tag="041" ind1=" " ind2=" ">
    <subfield code="a">eng</subfield>
  </datafield>
  <datafield tag="082" ind1=" " ind2=" ">
    <subfield code="a">621.38:050</subfield>
    <subfield code="b">IOS</subfield>
  </datafield>
  <datafield tag="100" ind1=" " ind2=" ">
    <subfield code="a">Reddy, Venkatraamana B. D.</subfield>
    <subfield code="9">58388</subfield>
  </datafield>
  <datafield tag="245" ind1=" " ind2=" ">
    <subfield code="a">IOSR Journal of VLSI and Signal Processing</subfield>
    <subfield code="b">January To December 2014</subfield>
  </datafield>
  <datafield tag="260" ind1=" " ind2=" ">
    <subfield code="a">Ghaziabad</subfield>
    <subfield code="b">International Oraganization of Scientific Research</subfield>
    <subfield code="c">2014</subfield>
  </datafield>
  <datafield tag="300" ind1=" " ind2=" ">
    <subfield code="a">300 P.</subfield>
    <subfield code="b">HB</subfield>
  </datafield>
  <datafield tag="906" ind1=" " ind2=" ">
    <subfield code="a">0</subfield>
  </datafield>
  <datafield tag="999" ind1=" " ind2=" ">
    <subfield code="c">52545</subfield>
    <subfield code="d">52545</subfield>
  </datafield>
  <datafield tag="952" ind1=" " ind2=" ">
    <subfield code="0">0</subfield>
    <subfield code="1">0</subfield>
    <subfield code="4">0</subfield>
    <subfield code="7">0</subfield>
    <subfield code="a">CEWN</subfield>
    <subfield code="b">CEWN</subfield>
    <subfield code="d">2015-10-07</subfield>
    <subfield code="e">Laxmi Art &amp; Binding Works</subfield>
    <subfield code="l">0</subfield>
    <subfield code="o">621.4:050/IOS/ </subfield>
    <subfield code="p">CEWN-BV-210</subfield>
    <subfield code="r">2022-05-30 00:00:00</subfield>
    <subfield code="w">2022-05-30</subfield>
    <subfield code="y">BV</subfield>
    <subfield code="z">J00210</subfield>
  </datafield>
  <datafield tag="952" ind1=" " ind2=" ">
    <subfield code="0">0</subfield>
    <subfield code="1">0</subfield>
    <subfield code="4">0</subfield>
    <subfield code="7">0</subfield>
    <subfield code="a">CEWN</subfield>
    <subfield code="b">CEWN</subfield>
    <subfield code="d">2019-03-12</subfield>
    <subfield code="e">Laxmi Art &amp; Binding Works</subfield>
    <subfield code="l">0</subfield>
    <subfield code="o">621:050/ </subfield>
    <subfield code="p">CEWN-BV-415</subfield>
    <subfield code="r">2022-05-30 00:00:00</subfield>
    <subfield code="w">2022-05-30</subfield>
    <subfield code="y">BV</subfield>
    <subfield code="z">J00415</subfield>
  </datafield>
</record>
